| 000 | 00596cam a2200229 4500 | ||
|---|---|---|---|
| 001 | J91428 | ||
| 008 | 090401t1998 xxu||||| |||| 00| 0 eng d | ||
| 035 | _a(Sirsi) u85906 | ||
| 041 | _aeng | ||
| 050 | _a333.337 | ||
| 110 |
_aFPDSavills _93625 |
||
| 245 | _aRetail warehousing quarterly report - January 1998 - Spring 1998 | ||
| 260 |
_aLondon _bFPDSavills _c1998 |
||
| 300 | _a2 pt. ; 30cm. | ||
| 350 | _a0 | ||
| 650 | _aINVESTMENT PERFORMANCE | ||
| 650 | _aRETAIL WAREHOUSES | ||
| 650 | _aWAREHOUSES | ||
| 690 | _aPROPERTY-COMMERCIAL PROPERTY | ||
| 942 | _n0 | ||
| 948 | _c30/04/1998 | ||
| 999 |
_c97086 _d97086 |
||